La ciencia y la técnica en el "semanario" de viyetes /

Guardado en:
Autor Principal: Prelat, Carlos E
Formato: Libro
Publicado: Bahía Blanca : Universidad Nacional del Sur/extensión cultural, 1960
Materias:
Etiquetas: Agregar Etiqueta
Sin Etiquetas, Sea el primero en etiquetar este registro!
LEADER 00589nam a22001695a 4500
001 CEM.cems016080
008 130507s1960##################000#0#####d
005 20210910170219.0
003 CEMS
245 1 0 |a La ciencia y la técnica en el "semanario" de viyetes /  |c Carlos E Prelat, 
260 |a Bahía Blanca :  |b Universidad Nacional del Sur/extensión cultural,  |c 1960 
300 |a 82 p. 
100 1 |a Prelat, Carlos E 
082 0 4 |a 982.02 
653 |a Historia 
859 |a CEMS  |b BIB. CEMS - Agricultura  |h 982.02  |i P915  |p A12770.83  |t Ej.1 
859 |a CEMS  |b BIB. CEMS - Agricultura  |h 982.02  |i P915  |p A12771.83  |t Ej.2